00557nam a2200241Ia 450000500170000000800460001702000180006303700100008104000080009104000080009904000080010704100080011504100080012308400080013110000210013924500300016024500270019026000230021726000090024036500050024936500080025485600530026220260324143446.0008 260324s9999 xx 000 0 eng d a9780429034879 aEBOOK aCRL beng cCRL 2eng aeng qCRL aRupert Wilkinson 0aAmerican Social Character 0bModern Interpretations bTaylor and Francis c1992 a b230 uhttp://www.taylorfrancis.com/books/9780429034879